[Event "Buenos Aires Nueva Generacion"]
[Site "Buenos Aires"]
[Date "2014.11.24"]
[Round "6"]
[White "Nejanky, Maisa"]
[Black "Leon, Juan Carlos"]
[Result "1/2-1/2"]
[WhiteElo "2071"]
[BlackElo "2269"]
[PlyCount "112"]
[EventDate "2014.11.20"]
[EventType "tourn"]
[EventRounds "9"]
[EventCountry "ARG"]
[SourceTitle "CBM 163 Extra"]
[Source "ChessBase"]
[SourceDate "2014.12.23"]
[SourceVersion "1"]
[SourceVersionDate "2014.12.23"]
[SourceQuality "1"]

1. e4 c5 2. Nc3 d6 3. Nf3 e5 4. Bc4 Be7 5. d3 Nf6 6. Bg5 Nc6 7. Bxf6 Bxf6 8. Nd5 Rb8 9. a4 a6 10. c3 0-0 11. 0-0 Be6 12. h3 h6 13. Nh2 Bg5 14. Ng4 Ne7 15. Nge3 Bxe3 16. Nxe3 d5 17. exd5 Nxd5 18. Nxd5 Bxd5 19. Qh5 b5 20. axb5 axb5 21. Bxd5 Qxd5 22. Rfe1 Rbe8 23. Re3 Re6 24. Rg3 Qd6 25. Ra7 e4 26. Qg4 Rg6 27. Qxe4 Rxg3 28. fxg3 Qxg3 29. Re7 g6 30. Qe3 Qxe3+ 31. Rxe3 b4 32. Kf2 Ra8 33. cxb4 cxb4 34. Re4 Rb8 35. Ke3 Rb5 36. Kd2 h5 37. Kc2 f5 38. Re7 Kf8 39. Rh7 Rd5 40. Kd2 f4 41. Rb7 Rg5 42. Rxb4 Rxg2+ 43. Kc3 Rf2 44. h4 Kf7 45. Kd4 Rh2 46. Ke5 Rxh4 47. Rb7+ Kg8 48. Kf6 f3 49. Kxg6 Rg4+ 50. Kxh5 Rg1 51. Rb8+ Kf7 52. Rb4 Ke6 53. Rf4 Rb1 54. Kg4 Ke5 55. Re4+ Kd5 56. Kxf3 Rxb2 1/2-1/2

[Event "Buenos Aires Nueva Generacion"]
[Site "Buenos Aires"]
[Date "2014.11.23"]
[Round "5"]
[White "Leon, Juan Carlos"]
[Black "Kropff, Ricardo"]
[Result "1/2-1/2"]
[WhiteElo "2269"]
[BlackElo "2174"]
[PlyCount "96"]
[EventDate "2014.11.20"]
[EventType "tourn"]
[EventRounds "9"]
[EventCountry "ARG"]
[SourceTitle "CBM 163 Extra"]
[Source "ChessBase"]
[SourceDate "2014.12.23"]
[SourceVersion "1"]
[SourceVersionDate "2014.12.23"]
[SourceQuality "1"]

1. d4 d5 2. Nf3 Nf6 3. Bf4 c5 4. e3 Nc6 5. c3 Qb6 6. Qc1 Bg4 7. Nbd2 e6 8. Bd3 Be7 9. h3 Bh5 10. 0-0 0-0 11. a3 Rfc8 12. Qc2 c4 13. Be2 Bg6 14. Qc1 h6 15. Re1 Ne4 16. Nxe4 Bxe4 17. Nd2 Bg6 18. Bf3 Bf8 19. e4 Ne7 20. Be5 dxe4 21. Nxe4 Nd5 22. Nd2 Bd3 23. Nf1 Qd8 24. a4 Be7 25. g3 Bg5 26. Qd1 f6 27. Bxd5 Qxd5 28. f4 Bxf1 29. Rxf1 fxe5 30. fxg5 hxg5 31. Qh5 Rf8 32. Qxg5 exd4 33. Qxd5 exd5 34. cxd4 Rae8 35. Rxf8+ Kxf8 36. Rf1+ Ke7 37. Re1+ Kd7 38. Rxe8 Kxe8 39. Kf2 Ke7 40. h4 Kf6 41. g4 g5 42. h5 a5 43. Ke3 b6 44. Kd2 Kf7 45. Kc3 Kf6 46. Kd2 Kf7 47. Kc3 Kf6 48. Kd2 Kf7 1/2-1/2

[Event "Buenos Aires Nueva Generacion"]
[Site "Buenos Aires"]
[Date "2014.11.21"]
[Round "2"]
[White "Malbran, Guillermo"]
[Black "Leon, Juan Carlos"]
[Result "1-0"]
[WhiteElo "2234"]
[BlackElo "2269"]
[PlyCount "79"]
[EventDate "2014.11.20"]
[EventType "tourn"]
[EventRounds "9"]
[EventCountry "ARG"]
[SourceTitle "CBM 163 Extra"]
[Source "ChessBase"]
[SourceDate "2014.12.23"]
[SourceVersion "1"]
[SourceVersionDate "2014.12.23"]
[SourceQuality "1"]

1. e4 e6 2. d4 d5 3. Nc3 Nf6 4. Bg5 Bb4 5. exd5 Qxd5 6. Nf3 Ne4 7. Bd2 Bxc3 8. bxc3 Nxd2 9. Qxd2 b6 10. Be2 Bb7 11. 0-0 Nd7 12. Ne1 e5 13. f4 e4 14. c4 Qd6 15. a4 a5 16. c3 0-0 17. f5 Rac8 18. Qf4 Qf6 19. Nc2 c5 20. Ne3 cxd4 21. Ng4 Qe7 22. cxd4 f6 23. Rfb1 Ba6 24. Ne3 Rc6 25. Nd5 Qd8 26. Rc1 Re8 27. Bh5 Rf8 28. Qxe4 Rf7 29. Bxf7+ Kxf7 30. Nb4 axb4 31. Qxc6 g6 32. a5 b3 33. Rcb1 Kg7 34. axb6 Nxb6 35. Rxa6 Qxd4+ 36. Kh1 Nxc4 37. Qb7+ Kh6 38. Qxb3 Ne3 39. Re6 Ng4 40. Re2 1-0